| 000 | 01173nam a22003497a 4500 | ||
|---|---|---|---|
| 003 | CHAP | ||
| 005 | 20220329133616.0 | ||
| 008 | 971013s1992 r 00010 d | ||
| 010 | _a8506 | ||
| 011 | _a9478 | ||
| 035 | _a8713 | ||
| 040 | _cCHAP | ||
| 090 | _aTesis | ||
| 100 |
_aRangel Rosete, Ana Luisa. _994623 |
||
| 245 | _aIndustrialización del brasil (Condalia hookeri Johnst) y coma (Bumelia celastrina H.B.K.) como frutos silvestres en Marín, N.L. | ||
| 260 |
_aMarín, N.L. : _bEl autor, _c1992 |
||
| 300 | _a29 h. | ||
| 502 | _aTesis (Ing. en Industrias Alimentarias) -- UANL. Fac. de Agronomía | ||
| 590 |
_aALEPH _b10 _c20130110 _lUCH01 _h1223 |
||
| 590 |
_aBATCH-UPD _b10 _c20130110 _lUCH01 _h1713 |
||
| 590 |
_aBATCH-UPD _b10 _c20130410 _lUCH01 _h1058 |
||
| 590 |
_aBATCH-UPD _b10 _c20130914 _lUCH01 _h0756 |
||
| 590 |
_aCONVERSION _b10 _c20130109 _lUCH01 _h1306 |
||
| 650 | 1 | 4 |
_aBumelia celastrina. _916070 |
| 650 | 1 | 4 |
_aCondalia hookeri. _926312 |
| 650 | 1 | 4 |
_aFermentación. _940083 |
| 650 | 1 | 4 |
_aFrutas silvestres comestibles. _943678 |
| 650 | 1 | 4 |
_aQuimurgia. _993327 |
| 901 | _aBK | ||
| 942 | _cTESIS | ||
| 949 |
_bBC _cTES _d-19035 _eTS1 _h26306 _i8713 _si |
||
| 999 |
_c8506 _d8506 |
||